000 00418nam a2200133Ia 4500
008 151001s9999||||xx |||||||||||||| ||und||
100 _aहिरालाल बाधेतीया
245 _aराजभाषा हिंदी और उसका विकास
250 _a1
260 _bआर्य प्रकाशन मंडळ
260 _c2008
300 _a134
365 _b21
999 _c990623
_d990620